Ministry of post and telecommunications

محفوظ في:
التفاصيل البيبلوغرافية
مؤلف مشترك: Public Relations of Secretarial Division Minister's Secretariat Ministry of Posts and Telecommunications
التنسيق: كتاب
اللغة:Undetermined
منشور في: Tokyo Public Relations of Secretarial Division Minister's Secretariat Ministry of Posts and telecommunications 1988
الموضوعات:
الوسوم: إضافة وسم
لا توجد وسوم, كن أول من يضع وسما على هذه التسجيلة!
Thư viện lưu trữ: Trung tâm Học liệu Trường Đại học Cần Thơ
LEADER 00743nam a2200181Ia 4500
001 CTU_98261
008 210402s9999 xx 000 0 und d
082 |a 384 
082 |b P984 
110 |a Public Relations of Secretarial Division Minister's Secretariat Ministry of Posts and Telecommunications 
245 0 |a Ministry of post and telecommunications 
245 0 |c Public Relations of Secretarial Division Minister's Secretariat Ministry of Posts and telecommunications 
260 |a Tokyo 
260 |b Public Relations of Secretarial Division Minister's Secretariat Ministry of Posts and telecommunications 
260 |c 1988 
650 |a Communications 
904 |i Hiếu 
980 |a Trung tâm Học liệu Trường Đại học Cần Thơ